[Event "23rd EUR-ch"]
[Site "Vrnjacka Banja SRB"]
[Date "2023.03.07"]
[Round "5.204"]
[White "Bashirov, Kemal"]
[Black "Ciric, Pavle"]
[Result "1-0"]
[WhiteElo "2188"]
[BlackElo "2037"]
[EventDate "2023.03.03"]
[PlyCount "91"]

1.e4 e6 2.d4 d5 3.Nc3 Nf6 4.e5 Nfd7 5.f4 c5 6.Nf3 Nc6 7.Be3 Be7 8.a3 O-O 
9.dxc5 Nxc5 10.Qd2 Qa5 11.Bb5 Qc7 12.O-O a6 13.Be2 b5 14.f5 Ne4 15.Nxe4 
dxe4 16.f6 exf3 17.fxe7 Nxe7 18.Bxf3 Bb7 19.Qd6 Qxd6 20.exd6 Nd5 21.Bc5 a5
22.b4 a4 23.Rfd1 f6 24.Rac1 Kf7 25.c4 bxc4 26.Rxc4 Bc6 27.Bf2 Bb5 28.Rc5 
Rab8 29.Bxd5 exd5 30.Rdxd5 Bd7 31.Rc7 Rbc8 32.Bg3 Ke6 33.Rdc5 Rxc7 34.dxc7
Bc8 35.b5 Bb7 36.Rc4 Ra8 37.Rd4 Ke7 38.Rd6 Be4 39.Rb6 Rc8 40.Rb8 Kd7 41.b6
Bc6 42.b7 Rxc7 43.Rd8+ Kxd8 44.b8=Q+ Rc8 45.Qd6+ Bd7 46.Qf8+ 1-0

[Event "23rd EUR-ch"]
[Site "Vrnjacka Banja SRB"]
[Date "2023.03.07"]
[Round "5.205"]
[White "Lorenz, Roger"]
[Black "Nikanova, Ekaterina"]
[Result "1/2-1/2"]
[WhiteElo "2180"]
[BlackElo "2032"]
[EventDate "2023.03.03"]
[PlyCount "29"]

1.d4 d5 2.c4 dxc4 3.Nf3 Nf6 4.e3 e6 5.Bxc4 a6 6.O-O c5 7.Qe2 b5 8.Bb3 Bb7 
9.a4 b4 10.Rd1 Nbd7 11.Nbd2 cxd4 12.Nxd4 Bc5 13.Bc2 Qc7 14.N2b3 O-O 15.Bd2
1/2-1/2

[Event "23rd EUR-ch"]
[Site "Vrnjacka Banja SRB"]
[Date "2023.03.07"]
[Round "5.206"]
[White "Stoychev, Ognian"]
[Black "Manukian, Sargis A."]
[Result "0-1"]
[WhiteElo "1952"]
[BlackElo "2163"]
[EventDate "2023.03.03"]
[PlyCount "84"]

1.d4 Nf6 2.c4 g6 3.Nf3 Bg7 4.Nc3 d5 5.Bf4 O-O 6.e3 c5 7.dxc5 Ne4 8.Rc1 Nd7
9.cxd5 Nxc3 10.bxc3 Qa5 11.Nd4 Qxa2 12.c6 Nc5 13.c4 e5 14.dxe6 Qa5+ 15.Qd2
Qxd2+ 16.Kxd2 fxe6 17.Bg3 e5 18.Nf3 Nb3+ 19.Kc2 Nxc1 20.Kxc1 bxc6 21.Bd3 
Bf5 22.Bxf5 Rxf5 23.e4 Rf7 24.Kc2 a5 25.Ra1 a4 26.Ra2 Ra5 27.Ne1 Bh6 28.
Nd3 Bf4 29.Kc3 Bxg3 30.hxg3 Rb7 31.c5 Rbb5 32.f4 exf4 33.gxf4 a3 34.Kd4 
Ra4+ 35.Ke5 Rb3 36.Nc1 Rc3 37.Ne2 Rxc5+ 38.Kd6 Rb5 39.Nc3 Rb2 40.e5 Rxa2 
41.Nxa2 Rd4+ 42.Kxc6 Rd2 0-1

[Event "23rd EUR-ch"]
[Site "Vrnjacka Banja SRB"]
[Date "2023.03.07"]
[Round "5.207"]
[White "Manko, Mariia"]
[Black "Kotyk, Michael"]
[Result "0-1"]
[WhiteElo "2159"]
[BlackElo "2018"]
[EventDate "2023.03.03"]
[PlyCount "60"]

1.Nf3 d5 2.g3 Nf6 3.c4 e6 4.Bg2 Bd6 5.O-O O-O 6.d4 h6 7.Qc2 Nc6 8.Nc3 dxc4
9.Nb5 e5 10.dxe5 Nxe5 11.Rd1 Qe7 12.Nxd6 cxd6 13.Nxe5 dxe5 14.Qxc4 Be6 15.
Qb5 Rfd8 16.Rxd8+ Rxd8 17.Be3 Nd5 18.Bxa7 b6 19.Bxb6 Qb7 20.Rd1 Rd6 21.
Qe8+ Kh7 22.Bc5 Ne3 23.fxe3 Rxd1+ 24.Kf2 Qa6 25.Be4+ g6 26.Be7 Rd2 27.Bf3 
Bd5 28.Qd8 e4 29.Bg4 Qa8 30.Qxa8 Bxa8 0-1

[Event "23rd EUR-ch"]
[Site "Vrnjacka Banja SRB"]
[Date "2023.03.07"]
[Round "5.208"]
[White "Stoinev, Metodi"]
[Black "Banov, Boil"]
[Result "1-0"]
[WhiteElo "2159"]
[BlackElo "2016"]
[EventDate "2023.03.03"]
[PlyCount "137"]

1.e4 c6 2.Nc3 d5 3.Nf3 Bg4 4.h3 Bxf3 5.Qxf3 e6 6.g3 Nf6 7.Bg2 Be7 8.d4 
dxe4 9.Qe3 Bb4 10.O-O Nd5 11.Qe1 O-O 12.Bd2 Bxc3 13.bxc3 f5 14.f3 e3 15.
Bxe3 f4 16.Bd2 Qf6 17.gxf4 Nd7 18.Rf2 Rae8 19.Re2 N7b6 20.Rb1 Qg6 21.Re4 
Nc4 22.Kh2 b5 23.Bf1 Nd6 24.Qg3 Qxg3+ 25.Kxg3 h5 26.Re5 Nf5+ 27.Kf2 h4 28.
Rbe1 Rf6 29.Bd3 g6 30.a4 a6 31.axb5 axb5 32.Ra1 Nd6 33.Rg5 Kf7 34.Rg4 Nf5 
35.Ra6 Rc8 36.c4 bxc4 37.Bxc4 Kg7 38.Bd3 Rf7 39.c4 Nf6 40.Bxf5 exf5 41.Rg1
Rd7 42.Bc3 Kf7 43.d5 Ne8 44.Rxc6 Rxc6 45.dxc6 Rc7 46.Be5 Rxc6 47.Rc1 Ke6 
48.Ke3 Nd6 49.Bxd6 Kxd6 50.Kd4 Ra6 51.Rg1 Kd7 52.c5 Ra3 53.Rxg6 Rxf3 54.
Ke5 Rxh3 55.Kxf5 Rg3 56.Rh6 h3 57.Kf6 Rc3 58.Rh7+ Kc6 59.Rh5 Rf3 60.Ke5 
Ra3 61.Ke6 Re3+ 62.Kf6 Rc3 63.Kg6 Rg3+ 64.Kf6 Rc3 65.Ke6 Re3+ 66.Kf7 Rf3 
67.f5 Kxc5 68.f6+ Kd6 69.Rh6 1-0

[Event "23rd EUR-ch"]
[Site "Vrnjacka Banja SRB"]
[Date "2023.03.07"]
[Round "5.210"]
[White "Voiteanu, Gabriel"]
[Black "Martinkus, Rolandas"]
[Result "1-0"]
[WhiteElo "2155"]
[BlackElo "1985"]
[EventDate "2023.03.03"]
[PlyCount "33"]

1.d4 d6 2.c4 e5 3.Nc3 exd4 4.Qxd4 Nc6 5.Qd2 Nf6 6.Nf3 Bf5 7.Nd4 Bd7 8.e4 
Be7 9.Be2 a5 10.O-O a4 11.f4 O-O 12.Bf3 Na5 13.Qd3 c5 14.Nc2 Be6 15.Ne3 
Nd7 16.Ncd5 Bf6 17.Nxf6+ 1-0

[Event "23rd EUR-ch"]
[Site "Vrnjacka Banja SRB"]
[Date "2023.03.07"]
[Round "5.211"]
[White "Srdanovic, Jovana"]
[Black "Dumbelovic, Novak"]
[Result "0-1"]
[WhiteElo "2146"]
[BlackElo "1948"]
[EventDate "2023.03.03"]
[PlyCount "126"]

1.d4 Nf6 2.c4 g6 3.Nc3 Bg7 4.e4 d6 5.h3 O-O 6.Be3 e5 7.d5 a5 8.Bd3 Na6 9.
g4 Nd7 10.a3 Ndc5 11.Bc2 f5 12.b4 f4 13.Bc1 Nd7 14.Bd3 Rf7 15.Nf3 Nf8 16.
Bb2 Bd7 17.Qb3 h6 18.Rc1 c5 19.bxa5 Qxa5 20.Ke2 Rb8 21.Nb5 Qb6 22.Bc3 Bxb5
23.cxb5 c4 24.Qxc4 Nc5 25.a4 Rc8 26.a5 Qd8 27.Bb4 Nfd7 28.Rc2 Ra8 29.Ra1 
Rf8 30.Rca2 Kh8 31.Qc2 Qf6 32.b6 Rfc8 33.Qb2 Qd8 34.Bxc5 Nxc5 35.Rc1 Rab8 
36.Qb1 Kg8 37.Bb5 Bf6 38.Kf1 Kg7 39.Ra3 g5 40.Kg2 h5 41.Be2 h4 42.Nd2 Kf7 
43.Rac3 Ke7 44.Qc2 Kf7 45.Bb5 Be7 46.Nc4 Kf6 47.f3 Kg7 48.Nd2 Kf6 49.Nb3 
Kf7 50.Nxc5 Rxc5 51.Rxc5 dxc5 52.d6 Bxd6 53.Rd1 Qe7 54.Rd5 Rd8 55.Qd3 Qf6 
56.a6 bxa6 57.Bxa6 Ke7 58.b7 Rb8 59.Qb5 Qe6 60.Qb3 Qd7 61.Rd2 Qc6 62.Qc4 
Rd8 63.Qb3 Qxa6 0-1

[Event "23rd EUR-ch"]
[Site "Vrnjacka Banja SRB"]
[Date "2023.03.07"]
[Round "5.212"]
[White "Bozinovic, Boban"]
[Black "Petrovic, Dragan R."]
[Result "1/2-1/2"]
[WhiteElo "1931"]
[BlackElo "2141"]
[EventDate "2023.03.03"]
[PlyCount "29"]

1.e4 c5 2.Nf3 e6 3.d4 cxd4 4.Nxd4 a6 5.Nc3 Nc6 6.a3 Qc7 7.Be2 Nf6 8.O-O 
Nxd4 9.Qxd4 Bc5 10.Qd3 O-O 11.Kh1 b5 12.f4 Bb7 13.e5 Nd5 14.Ne4 Be7 15.c3 
1/2-1/2

[Event "23rd EUR-ch"]
[Site "Vrnjacka Banja SRB"]
[Date "2023.03.07"]
[Round "5.213"]
[White "Lazic, Ljubisa"]
[Black "Bozanic, Jovan"]
[Result "1-0"]
[WhiteElo "2138"]
[BlackElo "1934"]
[EventDate "2023.03.03"]
[PlyCount "57"]

1.d4 Nf6 2.Bg5 b6 3.Nf3 Bb7 4.Nbd2 d6 5.e3 Nbd7 6.Bc4 g6 7.Qe2 Bg7 8.O-O 
O-O 9.c3 a6 10.a4 e5 11.dxe5 dxe5 12.Rfd1 c5 13.Nf1 Qc7 14.Bxf6 Nxf6 15.
Ng3 e4 16.Ng5 h6 17.Nh3 h5 18.Nf4 h4 19.Nf1 Qe5 20.Nxg6 Qg5 21.Nxf8 Bxf8 
22.h3 Be7 23.Nh2 Bc8 24.Kh1 Nh5 25.Rd5 Bf5 26.Ng4 Kh7 27.Rad1 Rg8 28.Rxf5 
Qxf5 29.Rd5 1-0

[Event "23rd EUR-ch"]
[Site "Vrnjacka Banja SRB"]
[Date "2023.03.07"]
[Round "5.214"]
[White "Bozic, Sasa"]
[Black "Nikolaidis, Konstantinos"]
[Result "1/2-1/2"]
[WhiteElo "1839"]
[BlackElo "2133"]
[EventDate "2023.03.03"]
[PlyCount "71"]

1.e4 c5 2.Nf3 d6 3.d4 cxd4 4.Nxd4 Nf6 5.Nc3 a6 6.Be2 e5 7.Nf3 Be7 8.O-O 
O-O 9.Bg5 Nbd7 10.a4 h6 11.Bxf6 Nxf6 12.Nd2 Be6 13.Rb1 Rc8 14.Re1 Rc6 15.
Nf1 Qd7 16.Ne3 Rfc8 17.Ned5 Bd8 18.Rc1 Bxd5 19.Nxd5 Nxe4 20.Bg4 f5 21.Rxe4
fxg4 22.Rxe5 Rxc2 23.Rxc2 Rxc2 24.Re2 Rxe2 25.Qxe2 Qxa4 26.Qe6+ Kh8 27.g3 
Qd1+ 28.Kg2 Qf3+ 29.Kg1 Qd1+ 30.Kg2 Qf3+ 31.Kg1 Bg5 32.Qxd6 Qd1+ 33.Kg2 
Qf3+ 34.Kg1 Qd1+ 35.Kg2 Qf3+ 36.Kg1 1/2-1/2

[Event "23rd EUR-ch"]
[Site "Vrnjacka Banja SRB"]
[Date "2023.03.07"]
[Round "5.215"]
[White "Jovanovic, Sasa T."]
[Black "Senel, Hayri Beyhun"]
[Result "0-1"]
[WhiteElo "2130"]
[BlackElo "1904"]
[EventDate "2023.03.03"]
[PlyCount "25"]

1.b3 c5 2.Bb2 Nc6 3.g3 d6 4.Bg2 e5 5.e3 g6 6.Ne2 Bg7 7.O-O Nge7 8.c4 O-O 
9.d4 exd4 10.exd4 Nf5 11.Bxc6 bxc6 12.Qd2 Qf6 13.Na3 0-1

[Event "23rd EUR-ch"]
[Site "Vrnjacka Banja SRB"]
[Date "2023.03.07"]
[Round "5.216"]
[White "Korelsky, Egor"]
[Black "Popovic, Igor"]
[Result "1-0"]
[WhiteElo "2127"]
[BlackElo "1831"]
[EventDate "2023.03.03"]
[PlyCount "73"]

1.e4 c5 2.Nf3 e6 3.d4 cxd4 4.Nxd4 Nf6 5.Nc3 d6 6.g4 h6 7.Bg2 a6 8.h3 Be7 
9.Be3 Qc7 10.Qe2 Nc6 11.O-O-O Rb8 12.f4 Nxd4 13.Bxd4 e5 14.Be3 exf4 15.
Bxf4 Be6 16.e5 dxe5 17.Bxe5 Qc8 18.Bxb8 Qxb8 19.Bd5 Nxd5 20.Nxd5 Bg5+ 21.
Kb1 O-O 22.h4 Bxd5 23.Rxd5 Bf4 24.Rhd1 Re8 25.Qd3 Bc7 26.Rd7 b5 27.Qd5 Rf8
28.g5 g6 29.Rf1 Bf4 30.h5 gxh5 31.g6 Qe5 32.gxf7+ Kh8 33.Qxe5+ Bxe5 34.Rd5
Bc7 35.Rxh5 Kg7 36.Rg1+ Kh7 37.Rf5 1-0

[Event "23rd EUR-ch"]
[Site "Vrnjacka Banja SRB"]
[Date "2023.03.07"]
[Round "5.217"]
[White "Tabakovski, Dino"]
[Black "Bashylina, Luisa"]
[Result "1/2-1/2"]
[WhiteElo "1692"]
[BlackElo "2127"]
[EventDate "2023.03.03"]
[PlyCount "88"]

1.d4 Nf6 2.c4 g6 3.Nc3 d5 4.Nf3 Bg7 5.e3 O-O 6.Qb3 dxc4 7.Bxc4 a6 8.O-O b5
9.Be2 Be6 10.Qc2 Nc6 11.Nxb5 Nb4 12.Qc5 Nbd5 13.Nc3 Nb6 14.Ng5 Bd7 15.Nge4
Nxe4 16.Nxe4 f5 17.Ng5 e6 18.Nf3 Nd5 19.Bd2 g5 20.Rfc1 g4 21.Ne5 Bxe5 22.
dxe5 Bc8 23.Ba5 Bb7 24.Bxc7 Qg5 25.Bd6 Rf7 26.Bc4 Qg6 27.Bxd5 Bxd5 28.Qd4 
h5 29.Rc5 Be4 30.Rac1 h4 31.Rc8+ Kh7 32.Rxa8 Bxa8 33.Qb6 g3 34.hxg3 hxg3 
35.Rf1 Qg4 36.Qd4 Be4 37.fxg3 Qe2 38.Rf2 Qe1+ 39.Rf1 Qxg3 40.Qd2 Rg7 41.
Rf2 Kg6 42.Bf8 Rf7 43.Bc5 Qxe5 44.Qd6 Qxd6 1/2-1/2

[Event "23rd EUR-ch"]
[Site "Vrnjacka Banja SRB"]
[Date "2023.03.07"]
[Round "5.218"]
[White "Lakusic, Zoran"]
[Black "Demir, Baran"]
[Result "0-1"]
[WhiteElo "1641"]
[BlackElo "2122"]
[EventDate "2023.03.03"]
[PlyCount "43"]

1.c4 c5 2.Nc3 Nc6 3.Nf3 g6 4.g3 Bg7 5.Bg2 e5 6.Ne4 d6 7.d3 h6 8.Nc3 Nge7 
9.a3 O-O 10.O-O Be6 11.Rb1 a5 12.Be3 f5 13.Qc1 g5 14.h4 f4 15.Bd2 Nf5 16.
hxg5 hxg5 17.Bh3 Nfd4 18.Bxe6+ Nxe6 19.g4 Qd7 20.Ne1 Ncd4 21.f3 e4 22.dxe4
0-1

[Event "23rd EUR-ch"]
[Site "Vrnjacka Banja SRB"]
[Date "2023.03.07"]
[Round "5.219"]
[White "Lazovic, Emilija"]
[Black "Gkavardinas, Antonios"]
[Result "1/2-1/2"]
[WhiteElo "1594"]
[BlackElo "2121"]
[EventDate "2023.03.03"]
[PlyCount "84"]

1.e4 c6 2.d4 d5 3.e5 Bf5 4.h4 h5 5.Bd3 Bxd3 6.Qxd3 e6 7.Bg5 Ne7 8.Nf3 Nd7 
9.Nbd2 Qb6 10.O-O Nf5 11.a3 c5 12.c4 Qc6 13.Rfe1 Be7 14.Bxe7 Nxe7 15.Rac1 
O-O 16.Nf1 dxc4 17.Qxc4 b5 18.Qc2 c4 19.Ng5 g6 20.Ng3 Qd5 21.Rcd1 f5 22.
exf6 Rxf6 23.N3e4 Rf4 24.Nc3 Qf5 25.Qd2 Rf8 26.Re2 Rxh4 27.Nxe6 Rf6 28.
Rde1 Rg4 29.Qh6 Rf7 30.Nd1 Nd5 31.Nd8 Nf4 32.Re8+ Rf8 33.Rxf8+ Nxf8 34.Ne3
Nh3+ 35.Kh2 Qxf2 36.Nxg4 hxg4 37.Re7 Qg1+ 38.Kg3 Qf2+ 39.Kh2 Qg1+ 40.Kg3 
Qf2+ 41.Kh2 Qg1+ 42.Kg3 Qf2+ 1/2-1/2

[Event "23rd EUR-ch"]
[Site "Vrnjacka Banja SRB"]
[Date "2023.03.07"]
[Round "5.221"]
[White "Simonovic, Miroslav"]
[Black "Kamenov, Valentin"]
[Result "1-0"]
[WhiteElo "2115"]
[BlackElo "1704"]
[EventDate "2023.03.03"]
[PlyCount "63"]

1.d4 Nf6 2.Bg5 g6 3.Bxf6 exf6 4.c4 Bg7 5.Nc3 O-O 6.g3 d6 7.Bg2 Nd7 8.e3 f5
9.Nge2 Nf6 10.O-O c6 11.b4 Re8 12.Rc1 h5 13.b5 Bd7 14.h4 Ne4 15.Qd3 Qe7 
16.Nf4 a6 17.bxc6 bxc6 18.Rb1 Nxc3 19.Qxc3 Reb8 20.Qa3 Qd8 21.Qa4 Rb6 22.
c5 dxc5 23.dxc5 Rb5 24.Rfd1 Rab8 25.Rxb5 axb5 26.Qa7 Ra8 27.Qxd7 Qxd7 28.
Rxd7 Rxa2 29.Bxc6 Rc2 30.Nd3 b4 31.Nxb4 Rxc5 32.Bd5 1-0

[Event "23rd EUR-ch"]
[Site "Vrnjacka Banja SRB"]
[Date "2023.03.07"]
[Round "5.222"]
[White "Roebers, Jan"]
[Black "Alexandri, Dimitra"]
[Result "1-0"]
[WhiteElo "2113"]
[BlackElo "1586"]
[EventDate "2023.03.03"]
[PlyCount "129"]

1.e4 e5 2.f4 Bc5 3.Nf3 d6 4.Nc3 Nf6 5.Bc4 Nc6 6.d3 a6 7.fxe5 dxe5 8.Bg5 
Qd6 9.Qd2 Na5 10.Bb3 Nxb3 11.axb3 c6 12.Rf1 h6 13.Bh4 Nh5 14.O-O-O Be6 15.
d4 exd4 16.Na4 Ba7 17.Nxd4 Bxd4 18.Qxd4 Qxd4 19.Rxd4 g5 20.Be1 Nf4 21.Rf2 
O-O 22.Ba5 Bg4 23.Rd6 Ng6 24.h3 Be6 25.Nc5 Rab8 26.Bc7 Rbc8 27.Bb6 Nf4 28.
Kd2 Rfe8 29.h4 Ng6 30.hxg5 hxg5 31.Nxe6 Rxe6 32.Rd7 Re7 33.Rxe7 Nxe7 34.
Be3 g4 35.Rf4 Ng6 36.Rxg4 Kf8 37.Bc5+ Ke8 38.Rg3 Rb8 39.Ke3 Kd7 40.Bd4 Ke7
41.b4 Ra8 42.Rg5 Ke6 43.Rh5 Rg8 44.g4 Ra8 45.b3 Rb8 46.Rh1 Rg8 47.Kf3 Ne5+
48.Bxe5 Kxe5 49.Rh7 Ke6 50.Kf4 Rd8 51.Rh6+ Ke7 52.Ke3 Rg8 53.Rh4 Rd8 54.
Rh1 Rg8 55.Rg1 Rd8 56.g5 Rd6 57.Rg2 Rd8 58.Kf4 Ke6 59.g6 fxg6 60.Rxg6+ Kf7
61.Rh6 Kg7 62.Rh2 Kg6 63.Ke5 Re8+ 64.Kd4 Re7 65.Rf2 1-0

[Event "23rd EUR-ch"]
[Site "Vrnjacka Banja SRB"]
[Date "2023.03.07"]
[Round "5.224"]
[White "Orlovic, Lucie"]
[Black "Jandric, Damjan"]
[Result "0-1"]
[WhiteElo "1004"]
[BlackElo "2104"]
[EventDate "2023.03.03"]
[PlyCount "32"]

1.e4 c5 2.Bc4 d6 3.Nf3 Nf6 4.Nc3 a6 5.h3 b5 6.Be2 Bb7 7.e5 dxe5 8.Nxe5 
Bxg2 9.Rh2 Bb7 10.d3 e6 11.Bf4 Bd6 12.Qd2 Qc7 13.d4 cxd4 14.Qxd4 Nc6 15.
Ne4 Nxd4 16.O-O-O Qxc2# 0-1

[Event "23rd EUR-ch"]
[Site "Vrnjacka Banja SRB"]
[Date "2023.03.07"]
[Round "5.225"]
[White "Celik, Ali Alper"]
[Black "Krunic, Dusan"]
[Result "1/2-1/2"]
[WhiteElo "1961"]
[BlackElo "2116"]
[EventDate "2023.03.03"]
[PlyCount "101"]

1.e4 c5 2.Nc3 Nc6 3.Nge2 e6 4.g3 Nf6 5.Bg2 d5 6.exd5 exd5 7.Nf4 d4 8.Ncd5 
Nxd5 9.Nxd5 Bd6 10.O-O O-O 11.d3 Be6 12.Nf4 Bxf4 13.Bxf4 Bd5 14.Qh5 Bxg2 
15.Kxg2 Qb6 16.Bd6 Rfe8 17.Qxc5 Qxc5 18.Bxc5 Re2 19.Rac1 Rae8 20.Rfd1 R8e5
21.Kf1 g5 22.Ba3 b5 23.b3 b4 24.Bb2 f6 25.a4 Kf7 26.Re1 Rxe1+ 27.Rxe1 Rc5 
28.Re2 g4 29.Kg2 Rd5 30.h3 h5 31.hxg4 hxg4 32.Re4 f5 33.Re2 Ne5 34.Bxd4 
Nf3 35.Bxa7 Rd8 36.Re3 Rc8 37.Bb6 Rxc2 38.Ba5 Rc1 39.Rxf3 gxf3+ 40.Kxf3 
Rc3 41.Bxb4 Rxd3+ 42.Kg2 Rxb3 43.Bc5 Ke6 44.a5 Kd5 45.Bb6 Ke4 46.Bc7 Rc3 
47.Bb6 Ra3 48.Bc7 Ra2 49.Bb6 Ra3 50.Bc7 Ra2 51.Bb6 1/2-1/2

[Event "23rd EUR-ch"]
[Site "Vrnjacka Banja SRB"]
[Date "2023.03.07"]
[Round "5.226"]
[White "Antonioudakis, Georgios"]
[Black "Janjic, Stefan"]
[Result "1/2-1/2"]
[WhiteElo "1953"]
[BlackElo "2115"]
[EventDate "2023.03.03"]
[PlyCount "81"]

1.e4 c5 2.Nf3 e6 3.d4 cxd4 4.Nxd4 Nf6 5.Nc3 Nc6 6.Ndb5 Bc5 7.Nd6+ Ke7 8.
Bf4 e5 9.Nf5+ Kf8 10.Bg5 h6 11.Bxf6 Qxf6 12.Nd5 Qd8 13.Be2 g6 14.Nfe3 Kg7 
15.O-O d6 16.c3 a5 17.a4 Be6 18.Bc4 f5 19.exf5 gxf5 20.Qf3 Rf8 21.Kh1 f4 
22.Nc2 Qh4 23.Be2 Bf5 24.Rac1 Rac8 25.b4 axb4 26.cxb4 Nd4 27.Nxd4 Bxd4 28.
Rxc8 Rxc8 29.g3 fxg3 30.fxg3 Qe4 31.Ne7 Qxf3+ 32.Bxf3 Rf8 33.Nxf5+ Rxf5 
34.Kg2 Rf7 35.Rc1 Re7 36.Rc4 Kf6 37.a5 Ke6 38.b5 d5 39.Ra4 Kd6 40.a6 bxa6 
41.Rxa6+ 1/2-1/2

[Event "23rd EUR-ch"]
[Site "Vrnjacka Banja SRB"]
[Date "2023.03.07"]
[Round "5.227"]
[White "Hamiti, Gani"]
[Black "Arandjelovic, Aleksandar Z."]
[Result "1-0"]
[WhiteElo "2112"]
[BlackElo "1828"]
[EventDate "2023.03.03"]
[PlyCount "117"]

1.e4 c5 2.Nc3 Nc6 3.f4 e6 4.Nf3 a6 5.d4 cxd4 6.Nxd4 Qc7 7.Be3 d6 8.Be2 Nf6
9.Qd2 Bd7 10.O-O-O Rc8 11.g4 b5 12.g5 b4 13.gxf6 bxc3 14.Qxc3 Nxd4 15.Bxd4
Qxc3 16.Bxc3 Rxc3 17.bxc3 gxf6 18.Bxa6 Bc6 19.Rd4 f5 20.Bd3 fxe4 21.Bxe4 
d5 22.Bf3 Bc5 23.Kd2 Bxd4 24.cxd4 Ke7 25.Ra1 Ra8 26.a3 Ra4 27.c3 Kf6 28.
Bd1 Ra5 29.a4 Kf5 30.Ke3 h6 31.h3 Kf6 32.Bc2 Ke7 33.Kd2 Kd6 34.f5 e5 35.
Ke3 Ra8 36.a5 Rg8 37.Kf2 e4 38.Bd1 Rg5 39.a6 Rxf5+ 40.Ke3 Rg5 41.a7 Rg8 
42.Ra6 Kc7 43.Ba4 Bb7 44.Rxh6 Ra8 45.Rf6 Rxa7 46.Rxf7+ Kb6 47.Bd1 Ra3 48.
Rf6+ Ka5 49.Bg4 Rxc3+ 50.Kf4 Ba6 51.h4 Rc1 52.h5 Rf1+ 53.Kg5 Rxf6 54.Kxf6 
e3 55.h6 Bd3 56.Ke5 Be4 57.Kf4 Kb4 58.Kxe3 Kc3 59.Bf3 1-0

[Event "23rd EUR-ch"]
[Site "Vrnjacka Banja SRB"]
[Date "2023.03.07"]
[Round "5.228"]
[White "Deveci, Huseyin Said"]
[Black "Lauda, Alexandr"]
[Result "1-0"]
[WhiteElo "1913"]
[BlackElo "2084"]
[EventDate "2023.03.03"]
[PlyCount "21"]

1.e4 e6 2.Nf3 Nc6 3.Bb5 Nf6 4.O-O Nxe4 5.Re1 Nd6 6.Ne5 Be7 7.Bf1 Nxe5 8.
Rxe5 O-O 9.d4 Ne8 10.Bd3 Bf6 11.Nc3 1-0

[Event "23rd EUR-ch"]
[Site "Vrnjacka Banja SRB"]
[Date "2023.03.07"]
[Round "5.230"]
[White "Pousada Garcia, Daniel"]
[Black "Sakovich, Luka"]
[Result "1-0"]
[WhiteElo "2050"]
[BlackElo "1799"]
[EventDate "2023.03.03"]
[PlyCount "49"]

1.e4 e5 2.Nf3 Nc6 3.d4 exd4 4.c3 d5 5.exd5 Qxd5 6.cxd4 Bg4 7.Be2 O-O-O 8.
Be3 Qd7 9.O-O Bxf3 10.Bxf3 Nxd4 11.Bxd4 Qxd4 12.Qb3 Qb6 13.Qxf7 Qxb2 14.
Nd2 Qf6 15.Qb3 Qb6 16.Qc2 Qc5 17.Qe4 Nf6 18.Qxb7+ Kd7 19.Ne4 Nxe4 20.Qxe4 
h5 21.Rac1 Qa5 22.Qc6+ Kc8 23.Qa8+ Kd7 24.Bc6+ Ke7 25.Rfe1+ 1-0

[Event "23rd EUR-ch"]
[Site "Vrnjacka Banja SRB"]
[Date "2023.03.07"]
[Round "5.232"]
[White "Kanana, Ziad"]
[Black "Alexakis, Dimitrios"]
[Result "0-1"]
[WhiteElo "1757"]
[BlackElo "2024"]
[EventDate "2023.03.03"]
[PlyCount "104"]

1.e4 c5 2.Nf3 d6 3.d4 cxd4 4.Nxd4 Nf6 5.Nc3 a6 6.g3 e5 7.Nde2 Be7 8.Bg2 
O-O 9.O-O b5 10.Nd5 Nxd5 11.Qxd5 Ra7 12.Qd3 Be6 13.Be3 Ra8 14.Rfd1 Nd7 15.
Nc3 Rc8 16.Rac1 Nb6 17.b3 Qc7 18.Nd5 Bxd5 19.exd5 f5 20.c4 bxc4 21.Bxb6 
Qxb6 22.Rxc4 e4 23.Qd4 Qxd4 24.Rdxd4 Bf6 25.Rxc8 Rxc8 26.Ra4 Rc2 27.Kf1 
Rd2 28.Bh3 g6 29.Ke1 Bc3 30.Rc4 Rd3+ 31.Ke2 Kg7 32.Rc6 f4 33.gxf4 Rxh3 34.
Rxd6 a5 35.Re6 Rd3 36.d6 Bb4 37.Rxe4 Rxd6 38.Ke3 Kf6 39.f3 Bd2+ 40.Ke2 Bb4
41.Ke3 Rc6 42.Kd3 Rc3+ 43.Ke2 Rc2+ 44.Kd3 Rxa2 45.Kc4 Rxh2 46.Kd5 Rd2+ 47.
Kc4 Rc2+ 48.Kd5 Rc3 49.Re6+ Kf7 50.Ra6 Rxb3 51.Ra7+ Be7 52.Ke5 Rb5+ 0-1

[Event "23rd EUR-ch"]
[Site "Vrnjacka Banja SRB"]
[Date "2023.03.07"]
[Round "5.233"]
[White "Lorscheid, Gerhard"]
[Black "Nikolovski, David"]
[Result "1-0"]
[WhiteElo "2140"]
[BlackElo "1860"]
[EventDate "2023.03.03"]
[PlyCount "113"]

1.c4 e5 2.Nc3 Nf6 3.g3 Nc6 4.Bg2 Bc5 5.e3 d6 6.Nge2 a6 7.O-O O-O 8.a3 Bf5 
9.d4 Ba7 10.h3 Qc8 11.Kh2 h6 12.b4 Ne7 13.Bb2 Ng6 14.Rc1 h5 15.Nd5 Nxd5 
16.cxd5 Bd7 17.h4 f6 18.Qc2 Bb6 19.dxe5 Nxe5 20.Nf4 Qe8 21.Be4 f5 22.Bg2 
Rb8 23.Kh1 Qf7 24.Nh3 Ng4 25.Ng5 Qe7 26.Rfe1 Rbe8 27.Kg1 Nf6 28.Bf3 g6 29.
Qc3 Qe5 30.Qd2 Qe7 31.Bg2 Ne4 32.Bxe4 fxe4 33.Qc3 Qe5 34.Nxe4 Qxc3 35.Nxc3
Rf3 36.Re2 Ref8 37.Ne4 Bb5 38.Rd2 Bd7 39.Kg2 Bg4 40.Ng5 R3f5 41.Ne6 R8f7 
42.Nf4 g5 43.hxg5 Rxg5 44.Bd4 Bxd4 45.Rxd4 Rh7 46.Rdc4 Rgg7 47.Rh1 h4 48.
f3 Bc8 49.g4 Re7 50.Kf2 Kf7 51.Nh5 Kg6 52.Rxh4 Kg5 53.Rh1 b6 54.Rcc1 Bb7 
55.Nf4 Rhf7 56.Rh5+ Kf6 57.Rch1 1-0

[Event "23rd EUR-ch"]
[Site "Vrnjacka Banja SRB"]
[Date "2023.03.07"]
[Round "5.234"]
[White "Modric, Milos"]
[Black "Mitrovic, Stefan"]
[Result "1/2-1/2"]
[WhiteElo "2002"]
[BlackElo "1859"]
[EventDate "2023.03.03"]
[PlyCount "101"]

1.e4 e6 2.d4 d5 3.e5 c5 4.c3 Qb6 5.Nf3 Nc6 6.a3 cxd4 7.cxd4 Bd7 8.Nc3 Rc8 
9.Na4 Qc7 10.b4 a6 11.Bb2 Nh6 12.Bd3 Be7 13.Nc5 O-O 14.O-O f6 15.Nxd7 Qxd7
16.Rc1 fxe5 17.dxe5 Nf5 18.Re1 Bd8 19.Bb1 Bb6 20.Qd3 g6 21.Rc2 Qe7 22.Bc1 
Nh4 23.Nxh4 Qxh4 24.Qg3 Qxg3 25.hxg3 Ne7 26.Bf4 Rxc2 27.Bxc2 g5 28.Be3 
Bxe3 29.Rxe3 Rc8 30.Bd3 Kg7 31.Be2 Nf5 32.Rd3 Kg6 33.g4 Ne7 34.Rf3 Ng8 35.
Rh3 Kg7 36.Rf3 Rc1+ 37.Bf1 Nh6 38.Rf6 Rc6 39.Be2 Nf7 40.b5 axb5 41.Bxb5 
Rb6 42.Rxf7+ Kxf7 43.a4 Ke7 44.g3 Kf7 45.Kf1 Rxb5 46.axb5 Kg6 47.Ke2 b6 
48.f3 h5 49.gxh5+ Kxh5 50.Ke3 Kg6 51.g4 1/2-1/2

[Event "23rd EUR-ch"]
[Site "Vrnjacka Banja SRB"]
[Date "2023.03.07"]
[Round "5.235"]
[White "Tadic, Katarina"]
[Black "Tadic, Ana"]
[Result "1/2-1/2"]
[WhiteElo "1919"]
[BlackElo "1817"]
[EventDate "2023.03.03"]
[PlyCount "25"]

1.e4 e5 2.Nf3 Nc6 3.Bb5 a6 4.Ba4 Nf6 5.O-O b5 6.Bb3 Be7 7.Re1 O-O 8.c3 Re8
9.Ng5 Rf8 10.Nf3 Re8 11.Ng5 Rf8 12.Nf3 Re8 13.Ng5 1/2-1/2

[Event "23rd EUR-ch"]
[Site "Vrnjacka Banja SRB"]
[Date "2023.03.07"]
[Round "5.236"]
[White "Hlebec, Darko"]
[Black "Kovac, Mihael"]
[Result "0-1"]
[WhiteElo "1900"]
[BlackElo "1784"]
[EventDate "2023.03.03"]
[PlyCount "166"]

1.d4 Nf6 2.Nf3 e6 3.e3 c5 4.Bd3 Nc6 5.O-O d5 6.b3 cxd4 7.exd4 h6 8.Nbd2 
Bb4 9.Bb2 O-O 10.a3 Bd6 11.c4 a5 12.Qc2 Qc7 13.c5 Be7 14.Rfc1 Nd7 15.Qc3 
Bf6 16.b4 e5 17.b5 Nxd4 18.Nxd4 exd4 19.Qc2 Ne5 20.h3 a4 21.Rab1 g6 22.Ra1
Bg7 23.Kh1 Nxd3 24.Qxd3 Qf4 25.Nf3 Bf5 26.Qd2 Qxd2 27.Nxd2 Ra5 28.Nf3 Rxb5
29.Bxd4 Rc8 30.Ne5 Bxe5 31.Bxe5 Rbxc5 32.Bf4 Rxc1+ 33.Rxc1 Rxc1+ 34.Bxc1 
h5 35.Kg1 Bd3 36.h4 Kf8 37.f4 Ke7 38.Kf2 Be4 39.g3 Kd6 40.Be3 Kc6 41.Bd4 
Kb5 42.Ke3 Kc4 43.Be5 Bf5 44.Bd6 d4+ 45.Kd2 Kd5 46.Bb4 Ke4 47.Ke2 Bg4+ 48.
Kf2 Kd3 49.Ba5 Kc2 50.Ke1 Bf3 51.Bb4 b6 52.Kf2 Bd5 53.Ke2 Be4 54.Be1 Bg2 
55.Bb4 Bh3 56.Bd2 Bg4+ 57.Ke1 Kd3 58.Bc1 Bf3 59.Bd2 Bd5 60.Bc1 Bc4 61.Bd2 
b5 62.Bb4 Ke3 63.Bc5 Bd3 64.Be7 Kf3 65.Kd2 Bf5 66.Bf6 Kxg3 67.Bxd4 Kxh4 
68.Ke2 Kg3 69.Kf1 Kxf4 70.Kg2 h4 71.Bf6 h3+ 72.Kf2 Be4 73.Be7 Ke5 74.Kg3 
Bf5 75.Bb4 Ke4 76.Be7 Be6 77.Kf2 f5 78.Kg3 f4+ 79.Kf2 Bc4 80.Bf6 b4 81.
axb4 a3 82.Be7 a2 83.Bf6 g5 0-1

[Event "23rd EUR-ch"]
[Site "Vrnjacka Banja SRB"]
[Date "2023.03.07"]
[Round "5.237"]
[White "Valitov, Ilshat"]
[Black "Mitrovic, Vladan"]
[Result "0-1"]
[WhiteElo "1854"]
[BlackElo "1871"]
[EventDate "2023.03.03"]
[PlyCount "88"]

1.Nf3 c6 2.g3 d5 3.Bg2 Bf5 4.O-O e6 5.d3 Bd6 6.Nbd2 Ne7 7.e4 Bg4 8.h3 Bxf3
9.Nxf3 Nd7 10.Qe2 Qc7 11.Re1 dxe4 12.dxe4 e5 13.Nd2 Ng6 14.Nc4 Bc5 15.c3 
O-O 16.b4 Be7 17.Ne3 Rfd8 18.Nf5 Bf8 19.Bg5 Re8 20.Rad1 a5 21.h4 h6 22.
Bxh6 gxh6 23.h5 Nf6 24.hxg6 fxg6 25.Nh4 Kh7 26.Qf3 Bg7 27.Bh3 Qe7 28.Nxg6 
Kxg6 29.Rd7 Qxd7 30.Bxd7 Re7 31.Qf5+ Kf7 32.Rd1 axb4 33.cxb4 Kg8 34.f4 Rf8
35.Be6+ Kh8 36.Bb3 exf4 37.Qc5 Rxe4 38.Bc2 Re2 39.gxf4 Nd5 40.Rxd5 cxd5 
41.f5 Rd2 42.Qc7 Bd4+ 43.Kf1 Rg8 44.Ke1 Rf2 0-1